|
|
|
|
| LEADER |
00923nab a2200241 i 4500 |
| 001 |
misc65021 |
| 005 |
20240918144915.0 |
| 008 |
240219s1948 hu o 000 ger d |
| 040 |
|
|
|a SZTE Miscellanea Repozitórium
|b hun
|
| 041 |
|
|
|a ger
|
| 100 |
1 |
|
|a Tietze Andreas
|
| 245 |
1 |
0 |
|a Ankara Üniversitesi Dil ve Tarih-Coğrafya Fakültesi Dergisi = Revue de la Faculté de Langues, d'Histoire et de Géographie. Ankara, Band 3-5., 1944-1947
|h [elektronikus dokumentum] :
|b [Buchbesprechung] /
|c Tietze Andreas
|
| 260 |
|
|
|a Brill
|b Leiden
|c 1948
|
| 300 |
|
|
|a 339-347
|c 25 cm
|
| 300 |
|
|
|a [6] p.
|c 25 cm
|
| 490 |
0 |
|
|a Oriens
|
| 561 |
|
|
|a Németh Gyula hagyaték
|
| 591 |
|
|
|a NOA 6064
|
| 650 |
|
4 |
|a Bölcsészettudományok
|
| 650 |
|
4 |
|a Nyelvek és irodalom
|
| 695 |
|
|
|a Turkológia - folyóirat - könyvismertetés
|
| 700 |
0 |
1 |
|a Eberhard Wolfram
|
| 856 |
4 |
0 |
|u http://misc.bibl.u-szeged.hu/65021/1/6064_noa.pdf
|z Dokumentum-elérés
|